000 00693nam a2200217Ia 4500
003 GCL
008 140319s9999 xx 000 0 ara d
040 _aGCL /
_cGCL
082 0 4 _a672.87
_bص ص
100 1 _aصبحى محمد على
245 1 0 _aصناعة الصلب فى المحولات /
_cصبحى محمد على
700 1 _aعدلى كريم
260 _aالقاهرة :
_bالهيئة المصرية العامة للكتاب ،
_c1987
300 _a269 ص
490 _aالمكتبة التكنولوجية
_v2
650 0 4 _aالمحولات الكهربية
650 0 4 _aالصلب
650 0 4 _aصناعة وتجارة
650 0 4 _aتعدين
942 _2ddc
_cBK
999 _c30385
_d30385